UBT Library

How to solve general chemistry problems / (Record no. 44108)

000 -LEADER
fixed length control field 00922cam a2200289 a 4500
001 - CONTROL NUMBER
control field 15159218
005 - DATE AND TIME OF LATEST TRANSACTION
control field 20180306031649.0
008 - FIXED-LENGTH DATA ELEMENTS--GENERAL INFORMATION
fixed length control field 080129s2009 njua 001 0 eng
010 ## - LIBRARY OF CONGRESS CONTROL NUMBER
LC control number 2008004254
015 ## - NATIONAL BIBLIOGRAPHY NUMBER
National bibliography number GBA849265
Source bnb
016 7# - NATIONAL BIBLIOGRAPHIC AGENCY CONTROL NUMBER
Record control number 014568126
Source Uk
020 ## - INTERNATIONAL STANDARD BOOK NUMBER
International Standard Book Number 9780131542730 (alk. paper)
020 ## - INTERNATIONAL STANDARD BOOK NUMBER
International Standard Book Number 0131542737 (alk. paper)
035 ## - SYSTEM CONTROL NUMBER
System control number (OCoLC)ocn191758451
035 ## - SYSTEM CONTROL NUMBER
System control number (OCoLC)191758451
Canceled/invalid control number (OCoLC)171110339
040 ## - CATALOGING SOURCE
Original cataloging agency DLC
Transcribing agency DLC
Modifying agency YDX
-- BAKER
-- YDXCP
-- UKM
-- DLC
041 ## - LANGUAGE CODE
Language code of text/sound track or separate title eng
080 ## - UNIVERSAL DECIMAL CLASSIFICATION NUMBER
Universal Decimal Classification number 540.76 rob
082 00 - DEWEY DECIMAL CLASSIFICATION NUMBER
Classification number 540.76 rob
Edition number 22
100 1# - Rafti
Rafti 9
101 ## - Shkurtesa
Shkurtesa bio
245 10 - TITLE STATEMENT
Title How to solve general chemistry problems /
Statement of responsibility, etc R.S. Boikess.
504 ## - BIBLIOGRAPHY, ETC. NOTE
Bibliography, etc Includes bibliographical references and index.
906 ## - LOCAL DATA ELEMENT F, LDF (RLIN)
a 7
b cbc
c orignew
d 1
e ecip
f 20
g y-gencatlg
942 ## - ADDED ENTRY ELEMENTS (KOHA)
Source of classification or shelving scheme
Item type Books
Holdings
Withdrawn status Lost status Source of classification or shelving scheme Damaged status Not for loan Collection code Permanent location Current location Shelving location Date acquired Total Checkouts Full call number Barcode Date last seen Price effective from Koha item type
          Koleksioni i përgjithshem UBT - Lipjan UBT - Lipjan Koleksioni i përgjithshem 03/06/2018   540.76 rob 002-3000960 03/06/2018 03/06/2018 Books
UBT Library © 2015-2024. All rights reserved University Education for Business and Technology